00281nam a2200121Ia 45000030006000000080041000060400015000471000027000622450032000892600009001215460012001300050017001420STCL150530s9999 xx 000 0 und d aSTCLcSTCL aDupuy Atherton William aOur insect friends and foes c1968 aEnglish20220125170503.0